[Event "Chigorin Memorial 23rd"]
[Site "St Petersburg"]
[Date "2015.10.08"]
[Round "6"]
[White "Vaseptsov, Maxim"]
[Black "Tishova, Svetlana"]
[Result "1/2-1/2"]
[WhiteElo "2241"]
[BlackElo "2058"]
[PlyCount "141"]
[EventDate "2015.10.03"]
[EventType "swiss"]
[EventRounds "9"]
[EventCountry "RUS"]
[SourceTitle "CBM 168 Extra"]
[Source "ChessBase"]
[SourceDate "2015.10.29"]
[SourceVersion "1"]
[SourceVersionDate "2015.10.29"]
[SourceQuality "1"]

1. e4 c5 2. Nf3 e6 3. d4 cxd4 4. Nxd4 a6 5. Bd3 Nf6 6. 0-0 Qc7 7. Qe2 Bd6 8. Kh1 Nc6 9. Nxc6 dxc6 10. f4 e5 11. Nd2 b5 12. fxe5 Bxe5 13. Nf3 Bg4 14. Qe3 Bxf3 15. gxf3 Qd7 16. f4 Bd4 17. Qf3 Qg4 18. e5 Qxf3+ 19. Rxf3 Nd7 20. Be4 Rc8 21. Rd3 Bb6 22. Rd6 Nb8 23. Bd2 Bc5 24. Rd3 Rd8 25. Rxd8+ Kxd8 26. Ba5+ Kc8 27. Kg2 Kb7 28. Rd1 Re8 29. Kf3 h6 30. h4 h5 31. a3 g6 32. Bc3 Be7 33. e6 f5 34. Bd3 Bxh4 35. e7 Rxe7 36. Rh1 g5 37. fxg5 Bxg5 38. Rxh5 Be3 39. Bf6 Re6 40. Rh7+ Ka8 41. Bd8 Rh6 42. Rf7 Rh3+ 43. Kg2 Rh8 44. Bf6 Rg8+ 45. Kf3 Bc5 46. Bg7 Re8 47. Rxf5 Bd6 48. Be4 Kb7 49. Bd4 Rf8 50. Kg4 Nd7 51. Rxf8 Bxf8 52. Kf5 Kc7 53. Kg6 Bc5 54. Bg7 Bd6 55. Kf5 Bf8 56. Bh8 Kd6 57. Bg2 Bh6 58. Bh3 Bc1 59. Bg7 Be3 60. Ke4 Bg5 61. Kf5 Be3 62. Bc3 Bg1 63. Kg6 Bh2 64. Bb4+ Kc7 65. Kf7 Be5 66. b3 Bg3 67. Ke7 Nb6 68. Be6 Nd5+ 69. Bxd5 cxd5 70. Ke6 Kc6 71. Be7 1/2-1/2

[Event "Chigorin Memorial 23rd"]
[Site "St Petersburg"]
[Date "2015.10.03"]
[Round "1"]
[White "Tishova, Svetlana"]
[Black "Abdusattorov, Nodirbek"]
[Result "0-1"]
[WhiteElo "2058"]
[BlackElo "2432"]
[PlyCount "88"]
[EventDate "2015.10.03"]
[EventType "swiss"]
[EventRounds "9"]
[EventCountry "RUS"]
[SourceTitle "CBM 168 Extra"]
[Source "ChessBase"]
[SourceDate "2015.10.29"]
[SourceVersion "1"]
[SourceVersionDate "2015.10.29"]
[SourceQuality "1"]

1. e4 c5 2. Nf3 d6 3. d4 cxd4 4. Qxd4 Nc6 5. Bb5 Bd7 6. Qd3 g6 7. c4 Bg7 8. Nc3 Nf6 9. 0-0 0-0 10. h3 Rc8 11. Be3 a6 12. Bxc6 Bxc6 13. Nd4 Nd7 14. Rac1 Nc5 15. Qc2 Bd7 16. Qe2 Ne6 17. Nxe6 fxe6 18. Rfd1 Qc7 19. b3 b5 20. Nb1 Qb7 21. Qd3 bxc4 22. bxc4 Bb2 23. Bh6 Bxc1 24. Bxf8 Bg5 25. h4 Bxh4 26. Bh6 Bf6 27. Bf4 Ba4 28. Re1 Qb2 29. Re2 Qd4 30. Qxd4 Bxd4 31. e5 Rxc4 32. exd6 e5 33. d7 Bxd7 34. Bg5 Bg4 35. Re1 Rc2 36. Nd2 Bc3 37. f3 Bxd2 38. Bxd2 Bxf3 39. gxf3 Rxd2 40. Rxe5 Rxa2 41. Rxe7 a5 42. Ra7 a4 43. Kf1 a3 44. Kg1 h5 0-1